| 000 | 00885nam a2200241Ia 4500 | ||
|---|---|---|---|
| 003 | CO-CtgCURN | ||
| 005 | 20250408172311.0 | ||
| 008 | 190723s9999 xx 000 0 und d | ||
| 020 | _a958690704X | ||
| 040 |
_aCO-CtgCURN _bspa _ccoctgcurn |
||
| 082 |
_a346.043 _bS127 |
||
| 100 | _aSaenz Fonseca, Luz Amanda | ||
| 245 | 0 |
_aEl contrato de arrendamiento y el proceso de restitucion del inmueble : _blocales comerciales y vivienda urbana conforme con la Ley 820 de 2003 / _cLuz amanda Saenz Fonseca |
|
| 250 | _a8 edición | ||
| 260 |
_aBogotá, Colombia : _bLeyer, _c2005 |
||
| 300 |
_a400 páginas ; _c23 centímetros |
||
| 521 | _aAREA PROFESIONAL | ||
| 590 | _aPrograma de Derecho_18 | ||
| 650 | _aBienes raices | ||
| 650 | _aDerecho de propiedad | ||
| 942 |
_cBK _h346.043 _iS127 _2ddc _n0 |
||
| 999 |
_c29255 _d29255 |
||